-a nezabudni na labute!

Vo svojom najnovšom románe sa autor upriamuje na detailné vykreslenie jedného konkrétneho osudu. Príbeh Ireny Kalaschovej, ktorý vychádza zo skutočných udalostí, je zosobnením osudov tisícov ľudí odvlečených do pracovných táborov v bývalom Sovietskom zväze z územia vtedajšieho Československa....

Full description

Bibliographic Details
Main Author: Juščák, Peter, 1953- (Author)
Other Authors: Kubaň, Dušan, 1971-2022 (Narrator)
Format: CD Audio
Language:Slovak
PhysicalDescription:1 elektronický optický disk (CD-ROM) digitálny, MP3 12 cm
Published: Levoča Slovenská knižnica pre nevidiacich Mateja Hrebendu 2020
ISBN:9788018091418
Subjects:

MARC

LEADER 00000nim a2200000 a 4500
001 vtls012005077
003 SK-MaSNL
005 20260301103814.0
007 sd fungnnmmned
008 201126s2020 xo nnnnfs f n slo
015 |a SNBJ2023 
020 |a 9788018091418  |q (CD-ROM) 
040 |a SNK  |b slo  |c SNK  |e AACR2 
041 0 |a slo 
044 |a xo  |c SK 
072 7 |a 821.162.4-3  |x Slovenská próza  |2 konspekt 
080 |a 821.162.4-31  |2 2011 
080 |a (086.7)  |2 2011 
100 1 |a Juščák, Peter,  |d 1953-  |4 aut  |9 116085 
245 1 0 |a -a nezabudni na labute!  |h elektronický zdroj  |c Peter Juščák ; číta: Dušan Kubaň 
260 |a Levoča  |b Slovenská knižnica pre nevidiacich Mateja Hrebendu  |c 2020 
300 |a 1 elektronický optický disk (CD-ROM)  |b digitálny, MP3  |c 12 cm 
306 |a 201000 
520 8 |a Vo svojom najnovšom románe sa autor upriamuje na detailné vykreslenie jedného konkrétneho osudu. Príbeh Ireny Kalaschovej, ktorý vychádza zo skutočných udalostí, je zosobnením osudov tisícov ľudí odvlečených do pracovných táborov v bývalom Sovietskom zväze z územia vtedajšieho Československa. 
521 |a Pre nevidiacich, slabozrakých a inak zdravotne postihnutých 
655 7 |a zvukové záznamy  |2 SNKPH  |9 70720 
655 7 |a slovenské romány  |2 SNKPH  |9 70324 
700 1 |a Kubaň, Dušan,  |d 1971-2022  |4 nrt  |9 218885 
787 0 8 |i Podľa knihy:  |t -a nezabudni na labute!  |d Bratislava : Kalligram, spol. s r.o., 2014  |z 978-80-8101-819-0 
919 |a 978-80-18-09141-8 
958 |a SX 
958 |a LX 
999 |c 696337  |d 698267 
952 |a SNK  |b SNK  |y PREZ  |7 0  |p 17A1490340  |o snkSCD 5971  |i snk2022/7509  |8 0  |0 0  |1 0  |4 0  |d 2022-05-12  |l 0  |r 2026-02-23 20:42:25  |w 2026-02-23